000 00383pam a2200157a 44500
008 230515b2003 xxu||||| |||| 00| 0 eng d
020 _aNULL
041 _aENGLISH
082 _a539/BAN
100 _aSUPRIYA BANDYOPADHYA
245 _aQUANTUN DOTS &NANOWIRES
250 _a0
260 _aDELHI
_bAMERICAN PUBLIC HEALTH ASSOCIATION
_c2003
300 _aXIX-423
650 _aNULL
999 _c652771
_d652771